Business ethics

Αποθηκεύτηκε σε:
Λεπτομέρειες βιβλιογραφικής εγγραφής
Κύριος συγγραφέας: Bowie, Norman E. 1942-
Άλλοι συγγραφείς: Duska, Ronald F. 1937-
Μορφή: Βιβλίο
Γλώσσα:English
Δημοσίευση: Englewood Cliffs, N.J. : Prentice Hall, c1990
Έκδοση:2nd ed.
Σειρά:Prentice Hall series in occupational ethics
Θέματα:
Ετικέτες: Προσθήκη ετικέτας
Δεν υπάρχουν, Καταχωρήστε ετικέτα πρώτοι!

MARC

LEADER 00000cam a2200000 i 4500
001 1/27669
008 950728s1990 eng d
020 |a 0130959103 
035 |l 10022899 
040 |a GR-MY-UA  |b gre  |e aacr 
041 0 |a eng 
082 0 |a 174.4 
100 1 |a Bowie, Norman E.  |d 1942- 
245 1 0 |a Business ethics /  |c Norman E. Bowie, Ronald F. Duska 
250 |a 2nd ed. 
260 |a Englewood Cliffs, N.J. :   |b Prentice Hall,   |c c1990 
300 |a viii, 120 σ.;  |c 23 εκ. 
490 1 |a Prentice Hall series in occupational ethics 
504 |a Περιλαμβάνει βιβλιογραφικές παραπομπές 
650 0 0 |a Business ethics. 
700 1 |a Duska, Ronald F.  |d 1937- 
852 |a INST  |b CHIOS  |e 19950728  |h 174.4 BOW  |p 005200004222  |q 005200004222  |t BK  |y 0 
909 |a Χ  |b 026651